000 00417nam a2200181Ia 4500
001 9573
005 20260306161728.0
008 260306t2012||||xx |||||||||||||| ||spa||
041 _aESP
082 _a382.1
_bG37
100 _aGeringer, J. Michael
_eAUT
245 0 _aInternational business
260 _c2012
300 _a324 páginas :
_c27 cm.
650 _aGEN
654 _aCAN
942 _cLIB
_dJUS
_fJUS
_2ddc
_n
999 _c9573
_d9573